000 00209nam a22000977a 4500
082 _a923.5 KAU'U
100 _aKAUL, B. M.
_946423
245 _aTHE UNTOLD STORY
260 _aBOMBAY
_bALLIED
_c1967
942 _cBK
999 _c584271
_d584271